000 00651ama a2200205 4500
007 cr ||||||||
008 240408s2022 o d cat d
020 _a9798436499086
041 _acat
100 _aCascant i Jordà, Josep Vicent
_975204
245 _aEl lèxic del blat al Comtat
_h[en línia]
_cJosep Vicent Cascant i Jordà
260 _aLa Torre de les Maçanes
_bAssociació El Rentonar
_c2022
300 _a148 p.
500 _aBibliografia
592 _aObra especialitzada
593 _aFF
650 0 _ablat
_964675
856 _uhttps://www.yumpu.com/xx/document/read/66601155/el-lexic-del-blat-al-comtat
942 _cAS
_n0
_2ddc
999 _c68898
_d68898